000
00286nam a2200109 a 4500
005
20140414131959.0
008
110214s19uu xx 00 eng d
050
_a
TR 372.6
_b
N53 2004
100
_a
Nickelsen, LeAnn
245
_a
Main idea and sumamrizing :
_b
Grades 4-8.
999
_c
113028
_d
113028